=LDR 00000nam 2200000 4500 =001 INLIS000000000003747 =005 20130612092040 =008 ***********************************Ind** =035 ##$$0010-061300000003747 =041 ##$$a Ind =082 ##$$a 604.6 =090 ##$$a 604.6, Vog l =100 ##$$a Vogler, Jon =245 ##$$a Lapangan kerja dari sampah, Jon Vogler =260 ##$$a 1981 $b London =300 ##$$a xvii, 469 hlm., ilus., 21 cm =650 ##$$a Sampah, Teknologi =850 ##$$a NBPNMAT